[Event "4NCL-9899B SL2-COU"]
[Site "Rd7-Birmingham"]
[Date "1999.03.20"]
[Round "7.6"]
[White "Rosen, Daniel"]
[Black "Mashayekh, Majid"]
[Result "1-0"]
[WhiteElo "2228"]
[BlackElo "2065"]
[PlyCount "75"]
[EventDate "1999.03.20"]

1. e4 c5 2. f4 Nc6 3. Nf3 e6 4. Bb5 d6 5. Bxc6+ bxc6 6. d3 g6 7. O-O Bg7 8. Nc3
Ne7 9. Qe1 Rb8 10. b3 Qa5 11. Bb2 Ba6 12. e5 d5 13. Ne4 Qxe1 14. Nd6+ Kd7 15.
Rfxe1 Nf5 16. Nxf7 Rhf8 17. N7g5 h6 18. Nh7 Rh8 19. Nf6+ Kc7 20. g4 Nd4 21.
Nxd4 cxd4 22. Bxd4 Ra8 23. Bc5 Bc8 24. Kg2 a5 25. a3 Bxf6 26. exf6 Rh7 27. g5
h5 28. a4 Bd7 29. Kf3 Rah8 30. h4 Rf7 31. Re5 Bc8 32. Ke3 Bd7 33. Kd4 Rb8 34.
Rae1 Ra8 35. Rxe6 Bxe6 36. Rxe6 Kd7 37. Ke5 Rh7 38. f5 1-0

[Event "4NCL-9899B SL2-COU"]
[Site "Rd7-Birmingham"]
[Date "1999.03.20"]
[Round "7.7"]
[White "Ghasi, Ameet"]
[Black "Ledger, David"]
[Result "0-1"]
[WhiteElo "1848"]
[BlackElo "2208"]
[PlyCount "110"]
[EventDate "1999.03.20"]

1. Nf3 Nf6 2. d4 g6 3. g3 Bg7 4. Bg2 O-O 5. O-O d6 6. c4 c6 7. Nc3 Qa5 8. e4
Bg4 9. Be3 Qh5 10. Qe2 Nbd7 11. Rab1 h6 12. Rfc1 Nh7 13. h3 Bxh3 14. Nh2 Qxe2
15. Nxe2 Bxg2 16. Kxg2 Nhf6 17. Nc3 c5 18. dxc5 Nxc5 19. Bxc5 dxc5 20. e5 Nd7
21. f4 Nb6 22. Ne4 Rac8 23. b3 f6 24. exf6 exf6 25. Nf3 Rc7 26. Re1 f5 27. Nd6
Rd7 28. Re6 Nc8 29. Nxc8 Rxc8 30. Rbe1 Kf7 31. R1e2 Rcd8 32. Kf2 Bf6 33. Kg2
Rd1 34. Re1 Rxe1 35. Rxe1 b6 36. Re2 g5 37. Rd2 Rxd2+ 38. Nxd2 g4 39. Nf1 Bd4
40. Nd2 Ke6 41. Kf1 Kd6 42. Ke2 h5 43. Nb1 Bb2 44. Nd2 Kc6 45. Nf1 Bd4 46. Nd2
Kb7 47. Nb1 Bb2 48. Nd2 Ka6 49. Nb1 Ka5 50. Kd3 Kb4 51. Ke2 a5 52. Kd3 a4 53.
Nd2 Bd4 54. bxa4 h4 55. gxh4 g3 0-1

[Event "4NCL-9899B SL2-COU"]
[Site "Rd7-Birmingham"]
[Date "1999.03.20"]
[Round "7.8"]
[White "Turvey, Syringa"]
[Black "Laurence, Adrian"]
[Result "1/2-1/2"]
[WhiteElo "1568"]
[BlackElo "1752"]
[PlyCount "88"]
[EventDate "1999.03.20"]

1. e4 d5 2. exd5 Nf6 3. Bb5+ Bd7 4. Bxd7+ Qxd7 5. c4 c6 6. dxc6 Nxc6 7. Nf3 Qd3
8. Qe2 O-O-O 9. Qxd3 Rxd3 10. Ke2 Rd7 11. a3 e5 12. d3 e4 13. dxe4 Nxe4 14.
Nbd2 Nxd2 15. Bxd2 Bc5 16. Rhe1 f6 17. b4 Bd4 18. Rad1 Bb2 19. Bc1 Bxc1 20.
Rxd7 Re8+ 21. Kd1 Rxe1+ 22. Nxe1 Kxd7 23. Kxc1 Ne5 24. c5 Ng4 25. f3 Nxh2 26.
Kd2 Nf1+ 27. Kd3 Kc6 28. Nc2 Ng3 29. Ne3 Nh5 30. g4 Ng3 31. Ng2 h5 32. gxh5
Nxh5 33. a4 a5 34. Kc4 axb4 35. Kxb4 Ng3 36. Ne3 g5 37. Nc4 Nf5 38. Nd2 Nd4 39.
Kc4 Ne6 40. Nb3 f5 41. Na5+ Kc7 42. Kd5 Nxc5 43. Ke5 Nxa4 44. Nxb7 g4 1/2-1/2

[Event "4NCL-9899B SWD-NID"]
[Site "Rd7-Birmingham"]
[Date "1999.03.20"]
[Round "7.1"]
[White "Dineley, Richard"]
[Black "Williams, Leighton"]
[Result "1/2-1/2"]
[WhiteElo "2265"]
[BlackElo "2285"]
[PlyCount "84"]
[EventDate "1999.03.20"]

1. e4 c5 2. Nf3 Nc6 3. d4 cxd4 4. Nxd4 Nf6 5. Nc3 e5 6. Ndb5 d6 7. Bg5 a6 8.
Na3 b5 9. Bxf6 gxf6 10. Nd5 f5 11. c3 Bg7 12. exf5 Bxf5 13. Nc2 Be6 14. g3 Rb8
15. Bg2 O-O 16. O-O a5 17. Nce3 Qd7 18. Qh5 f5 19. Rad1 Rf7 20. f4 e4 21. Kh1
Ne7 22. Rd2 Bxd5 23. Nxd5 b4 24. Rfd1 bxc3 25. bxc3 Qc6 26. g4 Re8 27. Ne3 Qxc3
28. Nxf5 Nxf5 29. gxf5 Bf8 30. Rd4 d5 31. f6 Re6 32. Qxd5 Rexf6 33. Qxe4 Re7
34. Qd5+ Kh8 35. Re4 Rxe4 36. Qxe4 Bc5 37. Rd8+ Kg7 38. Rd7+ Rf7 39. Rxf7+ Kxf7
40. Qxh7+ Kf8 41. Qf5+ Ke7 42. Qe4+ Kf6 1/2-1/2

[Event "4NCL-9899B SWD-NID"]
[Site "Rd7-Birmingham"]
[Date "1999.03.20"]
[Round "7.2"]
[White "Walsh, Chris"]
[Black "Zeidler, Sven"]
[Result "1-0"]
[WhiteElo "2180"]
[BlackElo "2222"]
[PlyCount "77"]
[EventDate "1999.03.20"]

1. e4 d5 2. exd5 Qxd5 3. Nc3 Qa5 4. d4 Nf6 5. Nf3 Bg4 6. h3 Bh5 7. g4 Bg6 8.
Ne5 e6 9. h4 Nbd7 10. Nc4 Qa6 11. h5 Be4 12. Nxe4 Nxe4 13. Qf3 Nd6 14. Nxd6+
Qxd6 15. c3 O-O-O 16. Bg2 Qa6 17. Be3 e5 18. O-O-O exd4 19. Bxd4 f6 20. Kb1 Bd6
21. Qf5 Kb8 22. Bf1 Qa4 23. Bb5 g6 24. Qxd7 Qa5 25. hxg6 Rxd7 26. Bxd7 Qg5 27.
gxh7 Be5 28. Bf5 b6 29. Be3 Qg7 30. Rd7 Qf8 31. Bh6 Qc5 32. Bg7 Bxc3 33. bxc3
Qxc3 34. Bxh8 Qb4+ 35. Kc1 Qc3+ 36. Kd1 Qf3+ 37. Kc2 Qxh1 38. Bxf6 Qc6+ 39. Bc3
1-0

[Event "4NCL-9899B SWD-NID"]
[Site "Rd7-Birmingham"]
[Date "1999.03.20"]
[Round "7.3"]
[White "Rayner, Francis"]
[Black "Oates, David"]
[Result "1/2-1/2"]
[WhiteElo "2213"]
[BlackElo "2180"]
[PlyCount "49"]
[EventDate "1999.03.20"]

1. Nf3 d5 2. c4 Nf6 3. cxd5 Nxd5 4. d4 g6 5. e4 Nb6 6. h3 Bg7 7. Nc3 O-O 8. Be2
N8d7 9. Bf4 c6 10. Qd2 Nf6 11. O-O Be6 12. Rad1 a5 13. Rfe1 a4 14. Bh6 Bc4 15.
Qg5 Bxe2 16. Rxe2 e6 17. Qh4 Nh5 18. Bg5 Bf6 19. Qg4 Bxg5 20. Nxg5 f5 21. exf5
exf5 22. Qh4 h6 23. Nf3 Qxh4 24. Nxh4 Nf4 25. Re7 1/2-1/2

[Event "4NCL-9899B SWD-NID"]
[Site "Rd7-Birmingham"]
[Date "1999.03.20"]
[Round "7.4"]
[White "Johnston, Dafydd"]
[Black "James, David"]
[Result "1-0"]
[WhiteElo "2175"]
[BlackElo "2229"]
[PlyCount "57"]
[EventDate "1999.03.20"]

1. e4 c5 2. Nf3 d6 3. d4 cxd4 4. Nxd4 Nf6 5. Nc3 a6 6. Bc4 e6 7. a4 Be7 8. O-O
O-O 9. Ba2 Nc6 10. Be3 Qc7 11. Qe2 Bd7 12. f4 Rac8 13. Kh1 Nxd4 14. Bxd4 b5 15.
axb5 axb5 16. e5 Ne8 17. f5 dxe5 18. Bxe5 Qc6 19. Rad1 b4 20. Rxd7 Qxd7 21.
fxe6 fxe6 22. Rd1 Qc6 23. Nd5 Bg5 24. Nxb4 Qb6 25. Bd4 Qxb4 26. Bxe6+ Kh8 27.
Bxc8 Bf6 28. c3 Qb8 29. Bc5 1-0

[Event "4NCL-9899B SWD-NID"]
[Site "Rd7-Birmingham"]
[Date "1999.03.20"]
[Round "7.5"]
[White "Richmond, Peter"]
[Black "Fish, Andrew"]
[Result "1-0"]
[WhiteElo "2190"]
[BlackElo "2115"]
[PlyCount "65"]
[EventDate "1999.03.20"]

1. e4 e6 2. d4 d5 3. Nc3 Bb4 4. e5 c5 5. Bd2 Ne7 6. Nb5 Bxd2+ 7. Qxd2 O-O 8. f4
Nbc6 9. dxc5 f6 10. exf6 Rxf6 11. Nf3 Ng6 12. g3 Qe7 13. Nd6 Bd7 14. Bg2 b6 15.
b4 Raf8 16. O-O bxc5 17. bxc5 Nh8 18. Ne5 Nxe5 19. fxe5 Rxf1+ 20. Rxf1 Rxf1+
21. Bxf1 Ng6 22. Qe3 Bc6 23. h4 Nf8 24. Bb5 Bxb5 25. Nxb5 Qb7 26. Nd4 Qb1+ 27.
Kg2 Qxa2 28. Qc3 Qa6 29. c6 Ng6 30. Qc5 Qc8 31. c7 Nxe5 32. Qe7 Nf7 33. Nxe6
1-0

[Event "4NCL-9899B SWD-NID"]
[Site "Rd7-Birmingham"]
[Date "1999.03.20"]
[Round "7.6"]
[White "Jones, Richard S"]
[Black "Richmond, Jane"]
[Result "1-0"]
[WhiteElo "2095"]
[BlackElo "2175"]
[PlyCount "75"]
[EventDate "1999.03.20"]

1. e4 e6 2. d4 d5 3. Nd2 Nf6 4. e5 Nfd7 5. Bd3 c5 6. c3 b6 7. Ne2 Ba6 8. Bxa6
Nxa6 9. a3 Nc7 10. O-O f6 11. Nf4 Qe7 12. exf6 gxf6 13. Re1 O-O-O 14. Nf1 Qf7
15. Qh5 Qxh5 16. Nxh5 Bd6 17. Nfg3 Rhg8 18. Bh6 Rg6 19. Bf4 Nf8 20. Bxd6 Rxd6
21. Nf4 Rg4 22. Ngh5 Ng6 23. Nd3 cxd4 24. Nxf6 Rh4 25. g3 Rh6 26. Ng4 Rh5 27.
cxd4 Rf5 28. Nge5 Nb5 29. Rac1+ Kb7 30. f4 Nxd4 31. Kf2 Nxe5 32. Nxe5 Nb3 33.
Rc3 Nc5 34. Kf3 Ne4 35. Rc2 Rf8 36. Rec1 h5 37. b4 Ka6 38. a4 1-0

[Event "4NCL-9899B SWD-NID"]
[Site "Rd7-Birmingham"]
[Date "1999.03.20"]
[Round "7.7"]
[White "Roberts, David L"]
[Black "Davies, Chris"]
[Result "1-0"]
[WhiteElo "2195"]
[BlackElo "1955"]
[PlyCount "63"]
[EventDate "1999.03.20"]

1. e4 e5 2. Nf3 d6 3. Bc4 Be7 4. d4 exd4 5. Nxd4 Nf6 6. Nc3 a6 7. a4 O-O 8. Bb3
Nbd7 9. f3 Nc5 10. Ba2 h6 11. O-O Ne6 12. Nf5 Re8 13. Be3 Bf8 14. Qd2 Nh7 15.
Rad1 Neg5 16. Ng3 Be6 17. Bxe6 Nxe6 18. f4 Nf6 19. Qe2 Qc8 20. Qf3 Nc5 {
(Draw offer)} 21. Bd4 Nfd7 22. Nf5 Ne6 23. Be3 Nf6 24. e5 Nh7 25. Nd5 dxe5 26.
fxe5 Neg5 27. Qg3 Re6 28. h4 Ne4 29. Qg4 Rxe5 30. Nxh6+ Kh8 31. Nxf7+ Kg8 32.
Qxc8 1-0

[Event "4NCL-9899B SWD-NID"]
[Site "Rd7-Birmingham"]
[Date "1999.03.20"]
[Round "7.8"]
[White "Wilson, Julie"]
[Black "Blackburn, Jonathan"]
[Result "1-0"]
[WhiteElo "1685"]
[BlackElo "1840"]
[PlyCount "49"]
[EventDate "1999.03.20"]

1. d4 e6 2. c4 b6 3. e4 Bb7 4. Bd3 Bb4+ 5. Bd2 Qe7 6. Ne2 Nf6 7. Nbc3 d6 8.
Qa4+ Nc6 9. d5 exd5 10. exd5 Bxc3 11. Bxc3 O-O 12. dxc6 Bc8 13. O-O Ng4 14. Qc2
Qh4 15. h3 Ne5 16. Bxe5 dxe5 17. Ng3 g6 18. Rfe1 f5 19. Rxe5 f4 20. Nf1 f3 21.
Bxg6 fxg2 22. Ng3 Bxh3 23. Bxh7+ Kh8 24. Rh5 Qg4 25. Bf5+ 1-0

[Event "4NCL-9899B WG2-GUI"]
[Site "Rd7-Birmingham"]
[Date "1999.03.20"]
[Round "7.1"]
[White "Law, Andrew"]
[Black "Kinsman, Andrew"]
[Result "0-1"]
[WhiteElo "2328"]
[BlackElo "2369"]
[PlyCount "46"]
[EventDate "1999.03.20"]

1. d4 Nf6 2. c4 c5 3. d5 b5 4. cxb5 a6 5. bxa6 g6 6. Nc3 Bxa6 7. e4 Bxf1 8.
Kxf1 d6 9. Nf3 Bg7 10. h3 O-O 11. Kg1 Na6 12. Kh2 Qb6 13. Re1 Nb4 14. Re2 Qa6
15. Be3 Nd7 16. Bd2 Rfb8 17. b3 c4 18. bxc4 Qxc4 19. Rc1 Nd3 20. Rc2 N7e5 21.
Nxe5 Bxe5+ 22. g3 Rc8 23. f4 Bd4 0-1

[Event "4NCL-9899B WG2-GUI"]
[Site "Rd7-Birmingham"]
[Date "1999.03.20"]
[Round "7.2"]
[White "Povah, Nigel"]
[Black "Tiller, Bjorn"]
[Result "1/2-1/2"]
[WhiteElo "2325"]
[BlackElo "2377"]
[PlyCount "47"]
[EventDate "1999.03.20"]

1. d4 e6 2. Nf3 b5 3. Bf4 Bb7 4. e3 a6 5. a4 b4 6. Nbd2 Nf6 7. Bd3 c5 8. c3 Nc6
9. O-O Be7 10. Nc4 d5 11. Nce5 c4 12. Nxc6 Bxc6 13. Ne5 Bb7 14. Be2 bxc3 15.
bxc3 Ne4 16. Qc2 f6 17. Nf3 O-O 18. Nd2 Nxd2 19. Qxd2 Bd6 20. Rfb1 Bc6 21. Bxd6
Qxd6 22. Rb6 Rfb8 23. Rab1 Qc7 24. a5 1/2-1/2

[Event "4NCL-9899B WG2-GUI"]
[Site "Rd7-Birmingham"]
[Date "1999.03.20"]
[Round "7.3"]
[White "Norris, Alan"]
[Black "Thompson, Ian"]
[Result "1-0"]
[WhiteElo "2332"]
[BlackElo "2278"]
[PlyCount "105"]
[EventDate "1999.03.20"]

1. d4 Nf6 2. Nf3 e6 3. e3 c5 4. Bd3 d5 5. b3 Nc6 6. O-O Bd6 7. Bb2 cxd4 8. exd4
Qe7 9. a3 O-O 10. Ne5 Bc7 11. Nd2 Nxe5 12. dxe5 Nd7 13. Qh5 f5 14. exf6 Nxf6
15. Qh4 Bd7 16. f4 Qc5+ 17. Kh1 Qe3 18. Rad1 Be8 19. Rf3 Qc5 20. Bxf6 Rxf6 21.
Qxh7+ Kf7 22. Rg3 Qf8 23. Bg6+ Ke7 24. Bxe8 Kxe8 25. Rxg7 Rf7 26. Rxf7 Qxf7 27.
Qh8+ Qf8 28. Qxf8+ Kxf8 29. g3 Bd6 30. a4 Rc8 31. c4 Bb4 32. Kg2 Ke7 33. Kf3
Bxd2 34. Rxd2 dxc4 35. bxc4 Rxc4 36. Rb2 b6 37. a5 bxa5 38. Rb7+ Kf6 39. Rxa7
a4 40. Ra5 Rc3+ 41. Kg4 a3 42. h4 Rd3 43. h5 Re3 44. Ra6 Kg7 45. Kh4 Kf6 46. g4
Rf3 47. f5 Re3 48. fxe6 Ke7 49. h6 Re1 50. Kg5 Re5+ 51. Kg6 Re2 52. h7 Rh2 53.
Rxa3 1-0

[Event "4NCL-9899B WG2-GUI"]
[Site "Rd7-Birmingham"]
[Date "1999.03.20"]
[Round "7.4"]
[White "Anderton, Matthew"]
[Black "Lee, Graham"]
[Result "1-0"]
[WhiteElo "2273"]
[BlackElo "2319"]
[PlyCount "49"]
[EventDate "1999.03.20"]

1. e4 c6 2. d4 d5 3. exd5 cxd5 4. c4 Nf6 5. Nc3 Nc6 6. Nf3 Bg4 7. cxd5 Nxd5 8.
Qb3 Bxf3 9. gxf3 Nb6 10. Be3 e6 11. Rg1 Qc7 12. O-O-O O-O-O 13. Rg5 h6 14. Rg4
Nd5 15. Kb1 Nxe3 16. fxe3 Qxh2 17. Rc1 Qf2 18. Ne4 Qh2 19. Rf4 Rd7 20. Rxf7
Rxf7 21. Qxe6+ Rd7 22. Bh3 Qc7 23. Qe8+ Qd8 24. Bxd7+ Kc7 25. Bxc6 1-0

[Event "4NCL-9899B WG2-GUI"]
[Site "Rd7-Birmingham"]
[Date "1999.03.20"]
[Round "7.5"]
[White "Savage, Ben"]
[Black "Connell, Blair"]
[Result "1/2-1/2"]
[WhiteElo "2140"]
[BlackElo "2265"]
[PlyCount "129"]
[EventDate "1999.03.20"]

1. d4 d5 2. Nf3 c6 3. c3 Bf5 4. Bf4 Nf6 5. e3 e6 6. Bd3 Ne4 7. Qc2 Nd7 8. Nbd2
Nxd2 9. Nxd2 Bxd3 10. Qxd3 Nf6 11. h3 Be7 12. O-O O-O 13. c4 Rc8 14. a3 c5 15.
Qb3 b6 16. dxc5 Rxc5 17. Rfd1 dxc4 18. Nxc4 Qc8 19. Ne5 Rd8 20. Rxd8+ Qxd8 21.
Rd1 Qc8 22. Qa4 a6 23. b4 b5 24. Qb3 Rc3 25. Qb2 Nd5 26. Bg3 f6 27. Nd3 Qc4 28.
Ne1 Rb3 29. Qa1 Qc3 30. Qxc3 Nxc3 31. Rd7 Kf8 32. Nc2 Ne2+ 33. Kh2 Rc3 34. Rd2
Nxg3 35. Kxg3 Kf7 36. Kf3 e5 37. Ke2 Ke6 38. Kd1 Bd6 39. Kc1 f5 40. Kb2 Rc8 41.
Kb3 Rc4 42. Rd3 g5 43. Rc3 Rxc3+ 44. Kxc3 h5 45. f3 Bc7 46. e4 Bb6 47. g4 hxg4
48. hxg4 f4 49. Ne1 Kd6 50. Nd3 Bd4+ 51. Kc2 Kc6 52. Nc1 Be3 53. Ne2 Bb6 54.
Nc3 Bc7 55. Nd5 Bd8 56. Kb3 Kb7 57. Nc3 Kc6 58. Ne2 Bb6 59. a4 Kd6 60. Nc1 Be3
61. Nd3 Bb6 62. Nb2 Bd4 63. Nd3 Bb6 64. Nc1 Kc6 65. Nd3 1/2-1/2

[Event "4NCL-9899B WG2-GUI"]
[Site "Rd7-Birmingham"]
[Date "1999.03.20"]
[Round "7.6"]
[White "Norman, Ken"]
[Black "Wastney, Scott"]
[Result "1/2-1/2"]
[WhiteElo "2172"]
[BlackElo "2155"]
[PlyCount "66"]
[EventDate "1999.03.20"]

1. Nf3 f5 2. g3 Nf6 3. Bg2 g6 4. O-O Bg7 5. c4 O-O 6. d4 d6 7. d5 Na6 8. Nc3
Qe8 9. Rb1 Nc5 10. b4 Nce4 11. Nxe4 fxe4 12. Nd4 c6 13. dxc6 bxc6 14. Bb2 Bd7
15. Nb3 Bf5 16. Nd4 Qd7 17. Nxf5 gxf5 18. f3 exf3 19. exf3 f4 20. Re1 Rf7 21.
Qe2 Nh5 22. Bxg7 Rxg7 23. g4 Nf6 24. b5 cxb5 25. cxb5 Rc8 26. Rec1 e5 27. a4
Kh8 28. h4 Nd5 29. Qd3 Ne3 30. Rxc8+ Qxc8 31. Qxd6 Nxg2 32. Kxg2 Qc2+ 33. Kh3
Qxb1 1/2-1/2

[Event "4NCL-9899B WG2-GUI"]
[Site "Rd7-Birmingham"]
[Date "1999.03.20"]
[Round "7.7"]
[White "Tan, Desmond"]
[Black "James, Russell"]
[Result "0-1"]
[WhiteElo "2165"]
[BlackElo "2155"]
[PlyCount "54"]
[EventDate "1999.03.20"]

1. e4 e5 2. Nf3 Nc6 3. Bb5 Nf6 4. d3 Bc5 5. O-O d6 6. c3 O-O 7. Re1 Ne7 8. d4
Bb6 9. Bg5 Ng6 10. dxe5 dxe5 11. Na3 Qe7 12. Qe2 h6 13. Bxf6 Qxf6 14. Nc4 Bg4
15. Ne3 Nf4 16. Qd1 Bh5 17. Be2 Rad8 18. Qc2 Bxe3 19. fxe3 Qb6 20. Bf1 Bxf3 21.
gxf3 Rd6 22. Kh1 Rfd8 23. Qb3 Ne6 24. Bc4 Ng5 25. Be2 Qxe3 26. h4 Ne6 27. c4
Qf2 0-1

[Event "4NCL-9899B WG2-GUI"]
[Site "Rd7-Birmingham"]
[Date "1999.03.20"]
[Round "7.8"]
[White "Ashby, Ann-Marie"]
[Black "Lazhevskaya, Zhanna"]
[Result "0-1"]
[WhiteElo "2090"]
[BlackElo "2046"]
[PlyCount "142"]
[EventDate "1999.03.20"]

1. d4 d5 2. Bg5 h6 3. Bh4 c5 4. c3 Nc6 5. Nf3 Qb6 6. Qd2 c4 7. Qc2 Bf5 8. Qc1
Nf6 9. Nbd2 Ne4 10. Nxe4 Bxe4 11. Nd2 Bg6 12. e4 e6 13. Be2 a5 14. a4 Bd6 15.
exd5 exd5 16. Bf3 O-O 17. O-O Rfe8 18. Bxd5 Nxd4 19. Nxc4 Ne2+ 20. Kh1 Qc5 21.
Qd1 Bc7 22. Ne3 Qd6 23. g3 Bh5 24. Bg2 Qb6 25. Qd5 g5 26. g4 Rad8 27. Qxb7 Qd6
28. f4 Rxe3 29. gxh5 gxh4 30. Rae1 Rb8 31. Qa7 Bb6 32. Qa6 h3 33. Bf3 Rbe8 34.
Rxe2 Rxe2 35. Bxe2 Kh8 36. Qd3 Qc5 37. Qc4 Qe3 38. Qd3 Qxe2 39. Qxh3 Qe4+ 40.
Qg2 Qxg2+ 41. Kxg2 Re2+ 42. Kf3 Rxb2 43. Rd1 Kg7 44. Rd6 Rb3 45. Ke4 Bc5 46.
Ra6 Bb6 47. Kd3 Bc7 48. Ra7 Bd8 49. Ra8 Bf6 50. Rxa5 Rxc3+ 51. Ke4 Rh3 52. Rb5
Rxh2 53. Kf3 Be7 54. Rd5 Ra2 55. Rd4 Rb2 56. Re4 Kf6 57. Rc4 Rb6 58. Kg4 Bd6
59. Rd4 Ke6 60. Re4+ Kd5 61. Kf5 Ra6 62. Re8 Rxa4 63. Kf6 Rxf4+ 64. Kg7 Re4 65.
Ra8 f5 66. Kxh6 f4 67. Kg6 f3 68. Ra1 f2 69. Rf1 Bc5 70. h6 Re1 71. Rxf2 Bxf2
0-1

[Event "4NCL-9899B WIT-WR"]
[Site "Rd7-Birmingham"]
[Date "1999.03.20"]
[Round "7.1"]
[White "Hunt, Adam"]
[Black "Dunnington, Angus"]
[Result "1-0"]
[WhiteElo "2297"]
[BlackElo "2358"]
[PlyCount "49"]
[EventDate "1999.03.20"]

1. e4 g6 2. d4 d6 3. Nf3 Bg7 4. Be2 Nf6 5. Nc3 O-O 6. O-O c5 7. d5 Na6 8. Bg5
Nc7 9. a4 a6 10. Nd2 Bd7 11. a5 Rb8 12. f4 Nb5 13. Na4 Qxa5 14. e5 Nd4 15. Nc4
Qc7 16. Nab6 Bb5 17. Bf3 Ne8 18. Re1 Bxc4 19. Nxc4 b5 20. exd6 exd6 21. Re7 Qc8
22. Na5 h6 23. Bh4 Qf5 24. Nc6 Qxf4 25. Re4 1-0

[Event "4NCL-9899B WIT-WR"]
[Site "Rd7-Birmingham"]
[Date "1999.03.20"]
[Round "7.2"]
[White "Dearing, Eddie"]
[Black "Cooksey, Paul"]
[Result "1/2-1/2"]
[WhiteElo "2281"]
[BlackElo "2220"]
[PlyCount "43"]
[EventDate "1999.03.20"]

1. d4 d5 2. c4 c6 3. Nf3 Nf6 4. Nc3 dxc4 5. a4 Bf5 6. Ne5 Nbd7 7. Nxc4 Qc7 8.
g3 e5 9. Bg2 Rd8 10. O-O Be7 11. d5 Nc5 12. Ne3 Bg6 13. b4 Na6 14. Qb3 Nxb4 15.
dxc6 bxc6 16. Ba3 a5 17. Qc4 O-O 18. Bxb4 Bxb4 19. Ncd5 Nxd5 20. Nxd5 Qd6 21.
Nxb4 Qxb4 22. Qxc6 1/2-1/2

[Event "4NCL-9899B WIT-WR"]
[Site "Rd7-Birmingham"]
[Date "1999.03.20"]
[Round "7.3"]
[White "Headlong, Tim"]
[Black "Potts, Alan"]
[Result "1/2-1/2"]
[WhiteElo "2270"]
[BlackElo "2270"]
[PlyCount "36"]
[EventDate "1999.03.20"]

1. Nf3 d5 2. c4 c6 3. d4 Nf6 4. Nc3 dxc4 5. a4 Bf5 6. e3 e6 7. Bxc4 Nbd7 8. O-O
Be7 9. Qe2 Qc7 10. e4 Bg4 11. Be3 O-O 12. Rfd1 Rfe8 13. Ba2 Qa5 14. h3 Bh5 15.
Bd2 Qb6 16. Be3 Qa5 17. Bd2 Qb6 18. Be3 Qa5 1/2-1/2

[Event "4NCL-9899B WIT-WR"]
[Site "Rd7-Birmingham"]
[Date "1999.03.20"]
[Round "7.4"]
[White "Gayson, Peter"]
[Black "Haydon, Richard"]
[Result "1/2-1/2"]
[WhiteElo "2250"]
[BlackElo "2200"]
[PlyCount "73"]
[EventDate "1999.03.20"]

1. e4 g6 2. d4 Bg7 3. Nc3 d6 4. Be3 c6 5. Qd2 b5 6. O-O-O Nd7 7. g4 Qa5 8. g5
b4 9. Nb1 Rb8 10. Bc4 Nb6 11. Bb3 Ba6 12. f4 d5 13. exd5 cxd5 14. Nf3 Nc4 15.
Qe1 e6 16. h4 Ne7 17. h5 Nf5 18. Bf2 Qc7 19. Ne5 Ke7 20. hxg6 hxg6 21. Rxh8
Bxh8 22. Nd2 Nxe5 23. dxe5 Bb5 24. Nf3 a5 25. Nd4 Bd7 26. Nxf5+ gxf5 27. Qg1
Rc8 28. g6 Kf8 29. gxf7 Kxf7 30. Qg5 Rg8 31. Qh5+ Kf8 32. a4 bxa3 33. bxa3 a4
34. Be1 Ke7 35. Bh4+ Kf8 36. Be1 Ke7 37. Bh4+ 1/2-1/2

[Event "4NCL-9899B WIT-WR"]
[Site "Rd7-Birmingham"]
[Date "1999.03.20"]
[Round "7.5"]
[White "Hackett, David"]
[Black "Townsend, M Paul"]
[Result "0-1"]
[WhiteElo "2220"]
[BlackElo "2225"]
[PlyCount "72"]
[EventDate "1999.03.20"]

1. e4 g6 2. d4 Bg7 3. Nf3 d6 4. Nc3 Nf6 5. Be2 O-O 6. O-O Nbd7 7. h3 e5 8. dxe5
dxe5 9. Be3 c6 10. Qd3 Qe7 11. Rad1 Re8 12. a3 Nh5 13. g3 Nc5 14. Qc4 Ne6 15.
Kh2 Qc7 16. Rd2 b5 17. Qb3 Nd4 18. Nxd4 exd4 19. Bxd4 Bxd4 20. Rxd4 Be6 21.
Nxb5 cxb5 22. Qxb5 Rab8 23. Qd3 Rxb2 24. Bxh5 gxh5 25. Qf3 Qe5 26. c3 Rc8 27.
Qe3 Kg7 28. Rfd1 Rc2 29. R1d3 h4 30. Qf4 Qxf4 31. gxf4 Rxf2+ 32. Kg1 Rxf4 33.
e5 Rxc3 34. Rxf4 Rxd3 35. Rxh4 Rxa3 36. Kh2 Rxh3+ 0-1

[Event "4NCL-9899B WIT-WR"]
[Site "Rd7-Birmingham"]
[Date "1999.03.20"]
[Round "7.6"]
[White "Barrett, Stephen"]
[Black "Dickinson, Tim"]
[Result "1-0"]
[WhiteElo "2202"]
[BlackElo "2157"]
[PlyCount "131"]
[EventDate "1999.03.20"]

1. d4 e6 2. c4 Nf6 3. Nc3 Bb4 4. Nf3 c5 5. g3 b6 6. Bg2 Bb7 7. O-O cxd4 8. Qxd4
O-O 9. b3 Nc6 10. Qd3 Bc5 11. Bb2 d5 12. cxd5 Nb4 13. Qb1 Nbxd5 14. Ng5 g6 15.
Nxd5 Nxd5 16. Ne4 Be7 17. Qd3 f6 18. Rfd1 Rc8 19. h4 Rc7 20. h5 Qe8 21. Rac1
Rxc1 22. Rxc1 f5 23. Qd4 Nf6 24. Ng5 Bc5 25. Qc3 Bxg2 26. Kxg2 h6 27. Nh3 g5
28. b4 Bd6 29. Rd1 Qe7 30. a3 g4 31. Nf4 Bxf4 32. gxf4 Kh7 33. Qc6 Rd8 34. Rxd8
Qxd8 35. Qxe6 Qd5+ 36. Qxd5 Nxd5 37. Be5 b5 38. Kg3 Nb6 39. Bd4 Nc4 40. Bxa7
Nxa3 41. e4 Nb1 42. exf5 Nc3 43. Kxg4 Kg8 44. Kf3 Kf7 45. Bc5 Nd5 46. Ke4 Nf6+
47. Ke5 Nxh5 48. Kd5 Nf6+ 49. Kc6 Ne4 50. Kxb5 h5 51. f3 Nxc5 52. bxc5 h4 53.
c6 h3 54. c7 h2 55. c8=Q h1=Q 56. Qd7+ Kf8 57. Qd6+ Kf7 58. Qd5+ Kf8 59. Qd8+
Kf7 60. Qd7+ Kf8 61. Qd8+ Kf7 62. Qd5+ Kf8 63. f6 Qf1+ 64. Kb6 Qh1 65. Kc6 Qh2
66. f5 1-0

[Event "4NCL-9899B WIT-WR"]
[Site "Rd7-Birmingham"]
[Date "1999.03.20"]
[Round "7.7"]
[White "Rose, Matthew"]
[Black "Forbes, Cathy"]
[Result "1-0"]
[WhiteElo "2130"]
[BlackElo "2104"]
[PlyCount "91"]
[EventDate "1999.03.20"]

1. e4 c5 2. Nf3 e6 3. c4 a6 4. Nc3 Qc7 5. Be2 Nc6 6. d4 cxd4 7. Nxd4 Nf6 8. Nc2
Bd6 9. h3 O-O 10. O-O Be5 11. Qd3 Bf4 12. b3 Bxc1 13. Raxc1 d6 14. Ne3 Ne5 15.
Qd2 Rd8 16. f4 Ned7 17. Rcd1 Nc5 18. Bf3 Bd7 19. Qxd6 Qa5 20. Qd2 Bc6 21. Qc2
Rdc8 22. e5 Ne8 23. Bxc6 Rxc6 24. Kh1 b5 25. b4 Qxb4 26. Ncd5 exd5 27. Nxd5
Qxc4 28. Qxc4 bxc4 29. Ne7+ Kf8 30. Nxc6 c3 31. Rc1 Rc8 32. Nb4 Ne4 33. Rf3 Rc4
34. Nd5 Nc7 35. Nxc3 Nb5 36. Ne2 Ra4 37. Rc2 Na3 38. Rc8+ Ke7 39. Nc3 Nxc3 40.
Rfxc3 Nb5 41. Rc2 Kd7 42. R8c4 Ra5 43. Rd2+ Ke6 44. g4 h5 45. Rc6+ Ke7 46. f5
1-0

[Event "4NCL-9899B WIT-WR"]
[Site "Rd7-Birmingham"]
[Date "1999.03.20"]
[Round "7.8"]
[White "Jones, Gawain"]
[Black "Headlong, Fenella"]
[Result "1-0"]
[WhiteElo "1856"]
[BlackElo "1832"]
[PlyCount "75"]
[EventDate "1999.03.20"]

1. e4 e5 2. Nf3 Nc6 3. Nc3 Nf6 4. g3 Bc5 5. Bg2 d6 6. O-O Bg4 7. h3 Bh5 8. d3
a6 9. g4 Bg6 10. Bg5 Qd7 11. Bxf6 gxf6 12. Nd5 O-O-O 13. Rb1 h5 14. Nxf6 Qe6
15. g5 h4 16. a3 Bh5 17. b4 Bb6 18. c3 Rdg8 19. Nxg8 Rxg8 20. Kh2 f6 21. Qb3
Qxb3 22. Rxb3 fxg5 23. Rb2 Kd7 24. Nd2 Be2 25. Re1 Bxd3 {(Draw offer)} 26. Nf1
Bc4 27. Ne3 Be6 28. Bf3 Ne7 29. Bg4 Bxg4 30. Nxg4 Rf8 31. Ne3 Ke6 32. Rg1 Rg8
33. Rg4 d5 34. Nxd5 Nxd5 35. exd5+ Kxd5 36. c4+ Ke6 37. c5 Bxc5 38. bxc5 1-0

[Event "4NCL-9899B BR2-BCCA"]
[Site "Rd8-Birmingham"]
[Date "1999.03.21"]
[Round "8.1"]
[White "McFarland, Robert"]
[Black "Tait, Jonathan"]
[Result "1/2-1/2"]
[WhiteElo "2257"]
[BlackElo "2185"]
[PlyCount "37"]
[EventDate "1999.03.21"]

1. Nf3 Nc6 2. d4 d5 3. g3 Bg4 4. Bg2 Qd7 5. h3 Bh5 6. Nbd2 e6 7. b3 Nf6 8. Bb2
Bd6 9. Ne5 Bxe5 10. dxe5 Ng8 11. f4 Nge7 12. g4 Bg6 13. a3 h5 14. Nf3 hxg4 15.
hxg4 Rxh1+ 16. Bxh1 Be4 17. Qd2 Ng8 18. O-O-O Nh6 19. Nh2 1/2-1/2

[Event "4NCL-9899B BR2-BCCA"]
[Site "Rd8-Birmingham"]
[Date "1999.03.21"]
[Round "8.2"]
[White "Toothill, John"]
[Black "Jakubovics, Nick"]
[Result "0-1"]
[WhiteElo "2225"]
[BlackElo "2210"]
[PlyCount "48"]
[EventDate "1999.03.21"]

1. e4 e5 2. Nf3 Nc6 3. Bb5 a6 4. Ba4 Nf6 5. O-O Nxe4 6. d4 b5 7. Bb3 d5 8. dxe5
Be6 9. Be3 Be7 10. Nbd2 Nc5 11. c3 Nd7 12. Bf4 g5 13. Bg3 h5 14. h3 g4 15. hxg4
hxg4 16. Nd4 Ncxe5 17. f4 gxf3 18. N2xf3 Bd6 19. Nxe6 fxe6 20. Nxe5 Nxe5 21.
Qe2 Qg5 22. Bf2 Nf3+ 23. Qxf3 Bh2+ 24. Kh1 Bg3+ 0-1